Panḍuvānī. (Record no. 78334)

MARC details
000 -LEADER
fixed length control field 00617cam a22002411 4500
001 - CONTROL NUMBER
control field sa 68001942
003 - CONTROL NUMBER IDENTIFIER
control field DLC
005 - DATE AND TIME OF LATEST TRANSACTION
control field 20260227112438.0
008 - FIXED-LENGTH DATA ELEMENTS--GENERAL INFORMATION
fixed length control field 900912s1964 ii a 000 0 hino
010 ## - LIBRARY OF CONGRESS CONTROL NUMBER
LC control number sa 68001942
035 ## - SYSTEM CONTROL NUMBER
System control number (OCoLC)22365993
040 ## - CATALOGING SOURCE
Original cataloging agency DLC
Transcribing agency WaU
Modifying agency DLC
042 ## - AUTHENTICATION CODE
Authentication code premarc
050 00 - LIBRARY OF CONGRESS CALL NUMBER
Classification number PK2057
Item number .S443
100 0# - MAIN ENTRY--PERSONAL NAME
Personal name Śekha Gulāba.
245 10 - TITLE STATEMENT
Title Panḍuvānī.
260 ## - PUBLICATION, DISTRIBUTION, ETC.
Date of publication, distribution, etc. 1964.
300 ## - PHYSICAL DESCRIPTION
Extent 2 v.
Other physical details illus.
Dimensions 23 cm.
440 #0 - SERIES STATEMENT/ADDED ENTRY--TITLE
Title Paradhāna-gītakathā-mālā,
Volume/sequential designation 1-2
500 ## - GENERAL NOTE
General note In Hindi.
650 #0 - SUBJECT ADDED ENTRY--TOPICAL TERM
Topical term or geographic name entry element Folk songs, Hindi.
700 1# - ADDED ENTRY--PERSONAL NAME
Personal name Naik, T. B.
Fuller form of name (Thakorlal Bharabhai),
Dates associated with a name 1922-

No items available.

Powered by Koha